000 01238nam a2200241Ia 4500
999 _c52927
_d52927
001 19957
003 GE_BSU
005 20200520231524.0
008 181216s1987||||ge |||||||||||||| ||geo||
040 _cGE_BSU
041 _ageo
080 _a81'374.26 ფ-85
100 _aფოჩხუა, ბიძინა
_98136
245 _aთანამედროვე ქართული ენის იდეოგრაფიული ლექსიკონი :
_bნაკვ. 1 /
_cბიძინა ფოჩხუა ; წინასიტყვ. თ. შარაძენიძის ; მთ. რედ. თ. შარაშენიძე.
264 _aთბილისი :
_bმეცნიერება,
_c1987.
300 _a447 გვ. ;
_c22 სმ.
541 _h8ლ. 80თ.
653 _aთანამედროვე ქართული ენის იდეოგრაფიული ლექსიკონი
653 _aქართული ენა
700 _a შარაძენიძის, თ.
_eწინასიტყვაობა
_98137
700 _aშარაშენიძე, თ.
_eმთავარი რედაქტორი
_97674
942 _cBK
_2udc